<?xml version="1.0" encoding="UTF-8"?>
<record
    xmlns:xsi="http://www.w3.org/2001/XMLSchema-instance"
    xsi:schemaLocation="http://www.loc.gov/MARC21/slim http://www.loc.gov/standards/marcxml/schema/MARC21slim.xsd"
    xmlns="http://www.loc.gov/MARC21/slim">

  <leader>01909    a2200205   4500</leader>
  <controlfield tag="001">38977</controlfield>
  <controlfield tag="005">20260407155649.0</controlfield>
  <controlfield tag="008">260407a1970    arg                 spa d</controlfield>
  <controlfield tag="003">AR-UNSa-BCEJYS</controlfield>
  <datafield tag="040" ind1=" " ind2=" ">
    <subfield code="a">AR-UNSa-BCEJYS</subfield>
    <subfield code="b">spa</subfield>
    <subfield code="c">AR-UNSa-BCEJYS</subfield>
  </datafield>
  <datafield tag="080" ind1=" " ind2=" ">
    <subfield code="a">658.8</subfield>
    <subfield code="x">Organizaci&#xF3;n de mercados. Marketing. Ventas. Distribuci&#xF3;n</subfield>
  </datafield>
  <datafield tag="245" ind1="1" ind2="0">
    <subfield code="a">Fundamentos de marketing</subfield>
  </datafield>
  <datafield tag="264" ind1=" " ind2="1">
    <subfield code="a">Panam&#xE1; :</subfield>
    <subfield code="b">Libros McGraw-Hill</subfield>
    <subfield code="c">1970</subfield>
  </datafield>
  <datafield tag="300" ind1=" " ind2=" ">
    <subfield code="a">756 p.</subfield>
    <subfield code="c">24 cm.</subfield>
  </datafield>
  <datafield tag="505" ind1=" " ind2=" ">
    <subfield code="a">Parte I: Marketing Moderno: 1. El marketing en la econom&#xED;a - 2. El papel de la direcci&#xF3;n en el marketing - 3. Investigaci&#xF3;n de marketing - 4. Los mercados, la gente y el dinero - 5. Motivaciones y comportamiento del consumidor - 6. Patrones de compra del consumidor y bienes del consumo - 7. El mercado industrial - 8. Planificaci&#xF3;n y desarrollo del producto - 9. Pol&#xED;tica y estrategias de la linea de productos - 10. Marcas, empaquetado y otras carcter&#xED;sticas de producto - 11. Canales de distribuci&#xF3;n y mercado minorista - 12. Minoristas y sus m&#xE9;todos operativos - 13. El mercado al por mayor y los inetrmediarios mayoristas - 14. Conflictos de competencias y coopraci&#xF3;n en los canales de distribuci&#xF3;n - 16. Direcci&#xF3;n de la distribuci&#xF3;n f&#xED;sica - 17. El precio y objetivos de mismo - 18. Determinaci&#xF3;n de precios en lapr&#xE1;ctica - 19. Pol&#xED;ticas y estrategias del precio - 20. Pl&#xED;ticas y estrategias del precio(continuaci&#xF3;n)- 21. El programa de promoci&#xF3;n - 22. Direcci&#xF3;n de la venta personal - 23. Direcci&#xF3;n dela publicidad - 24. El marketing de servicios - 25. El marketing de productos agr&#xED;colas - 26. El marketing internacional - 27. Planificaci&#xF3;n del mercado - 28. An&#xE1;lisis del volumen de ventas - 28. An&#xE1;lisis del volumen de ventas y costos de marketing - 29. El marketing: valoraci&#xF3;n y perspectivas. </subfield>
  </datafield>
  <datafield tag="041" ind1=" " ind2=" ">
    <subfield code="a">spa</subfield>
  </datafield>
  <datafield tag="942" ind1=" " ind2=" ">
    <subfield code="c">BK</subfield>
  </datafield>
  <datafield tag="590" ind1=" " ind2=" ">
    <subfield code="a">niveau_biblio:m niveau_hierar:0</subfield>
  </datafield>
  <datafield tag="100" ind1="1" ind2=" ">
    <subfield code="a">Stanton, William J.</subfield>
  </datafield>
  <datafield tag="999" ind1=" " ind2=" ">
    <subfield code="c">2936</subfield>
    <subfield code="d">2936</subfield>
  </datafield>
  <datafield tag="952" ind1=" " ind2=" ">
    <subfield code="0">0</subfield>
    <subfield code="1">0</subfield>
    <subfield code="4">0</subfield>
    <subfield code="7">0</subfield>
    <subfield code="a">BCEJYS</subfield>
    <subfield code="b">BCEJYS</subfield>
    <subfield code="c">16</subfield>
    <subfield code="d">2026-04-07</subfield>
    <subfield code="l">0</subfield>
    <subfield code="o">658.8 S792f</subfield>
    <subfield code="p">L23573</subfield>
    <subfield code="r">2026-04-07 15:56:49</subfield>
    <subfield code="w">2026-04-07</subfield>
    <subfield code="y">L</subfield>
  </datafield>
</record>
